000 00740nam a2200241 a 4500
008
020 _a0444015566 (pbk.)
049 _aMAIN
090 _aQP518.5
100 1 _aGlick, David M.
245 1 0 _aBiochemistry :
_b700 questions and answers /
_cDavid M. Glick.
250 _a10th ed.
260 _aNew York, N.Y. :
_bMedical Examination Pub. Co.,
_cc1991.
300 _aviii, 199 p. :
_bill. ,
_c22 cm
440 0 _aMedical examination review.
504 _aIncludes bibliographical references.
650 2 _aBiochemistry
_vexamination questions.
907 _a.b1005523x
_b16-08-11
_c17-04-03
003
005 20230123133231.0
040 _cNUST
942 _cBOOKS
_kQP518.5
999 _c145060
_d145060